[Event "FICGS class C 000186 email"]
[Site "FICGS email"]
[Date "2013.03.05"]
[Round "1"]
[White "Ropokis, Dimitrios"]
[Black "Paolillo, Giampiero"]
[Result "0-1"]
[WhiteElo "1830"]
[BlackElo "1881"]
[PlyCount "48"]
[EventDate "2013.??.??"]
[EventType "tourn (corr)"]
[EventRounds "1"]
[SourceTitle "Corr 2022"]
[Source "ChessBase"]
[SourceDate "2021.10.24"]
[SourceVersion "1"]
[SourceVersionDate "2021.10.24"]
[SourceQuality "1"]

1. e4 e5 2. f4 exf4 3. Nf3 d5 4. exd5 Nf6 5. c4 c6 6. Nc3 cxd5 7. d4 Bb4 8. Bxf4 0-0 9. Be2 Be6 10. Ng5 Nc6 11. Nxe6 fxe6 12. 0-0 dxc4 13. Bxc4 Qxd4+ 14. Qxd4 Nxd4 15. Rad1 b5 16. Rxd4 bxc4 17. Rxc4 Bxc3 18. Rxc3 Nd5 19. Rc4 Rad8 20. Bc1 Rxf1+ 21. Kxf1 Kf7 22. Ke2 Rd7 23. h3 h6 24. g3 g5 0-1

[Event "FICGS class C 000181 email"]
[Site "FICGS email"]
[Date "2012.10.21"]
[Round "1"]
[White "Demchenko, Sergey Pavlovich"]
[Black "Paolillo, Giampiero"]
[Result "1-0"]
[WhiteElo "1886"]
[BlackElo "1822"]
[PlyCount "75"]
[EventDate "2012.??.??"]
[EventType "tourn (corr)"]
[EventRounds "1"]
[SourceTitle "Corr 2022"]
[Source "ChessBase"]
[SourceDate "2021.10.24"]
[SourceVersion "1"]
[SourceVersionDate "2021.10.24"]
[SourceQuality "1"]

1. e4 e5 2. Nf3 Nc6 3. Bb5 a6 4. Ba4 Nf6 5. 0-0 Nxe4 6. d4 b5 7. Bb3 d5 8. dxe5 Be6 9. Nbd2 Nc5 10. c3 Be7 11. Bc2 0-0 12. Nb3 Bg4 13. Nxc5 Bxc5 14. Bf4 Re8 15. Re1 Bh5 16. h3 h6 17. g4 Bg6 18. Bxg6 fxg6 19. e6 Bb6 20. Bg3 d4 21. Nxd4 Nxd4 22. cxd4 Bxd4 23. e7 Qd5 24. Re5 Qd6 25. Qb3+ Kh8 26. Re6 Qd7 27. Rae1 Rac8 28. h4 c5 29. Qf3 b4 30. Rd6 Qa4 31. Qb7 Kh7 32. Qxc8 Rxc8 33. Rd8 Qe8 34. Rxc8 Qxc8 35. e8Q Qxg4 36. Kg2 Qf5 37. b3 Qd5+ 38. Qe4 1-0

[Event "FICGS class C 000181 email"]
[Site "FICGS email"]
[Date "2012.10.21"]
[Round "1"]
[White "Paolillo, Giampiero"]
[Black "Perod, Reuben"]
[Result "0-1"]
[WhiteElo "1822"]
[BlackElo "1800"]
[PlyCount "112"]
[EventDate "2012.??.??"]
[EventType "tourn (corr)"]
[EventRounds "1"]
[SourceTitle "Corr 2022"]
[Source "ChessBase"]
[SourceDate "2021.10.24"]
[SourceVersion "1"]
[SourceVersionDate "2021.10.24"]
[SourceQuality "1"]

1. d4 Nf6 2. c4 e6 3. Nc3 Bb4 4. Qc2 0-0 5. a3 Bxc3+ 6. Qxc3 b6 7. Bg5 Bb7 8. f3 h6 9. Bh4 d6 10. e4 Nc6 11. e5 dxe5 12. dxe5 Ne4 13. Bxd8 Nxc3 14. Bxc7 Nd4 15. Kf2 Na4 16. b4 Nf5 17. g4 Rac8 18. Bxb6 axb6 19. gxf5 exf5 20. Rd1 Rfd8 21. Rxd8+ Rxd8 22. Nh3 Nb2 23. Rg1 Nd3+ 24. Bxd3 Rxd3 25. Rg3 Rxa3 26. Nf4 Kf8 27. Ne2 Ra4 28. Rg1 Rxb4 29. Ra1 Rxc4 30. Rb1 f4 31. Rxb6 Bc8 32. h4 Bd7 33. h5 Ke7 34. Kg2 Bf5 35. Kf2 Bd3 36. Nxf4 Rxf4 37. Ke3 Rf5 38. Kxd3 Rxe5 39. Rb7+ Kf6 40. Rb6+ Kg5 41. Rb7 Kxh5 42. Rxf7 g6 43. Ra7 Re6 44. Ra4 g5 45. Kd4 Kg6 46. Ra1 h5 47. Ra8 h4 48. Kd3 Kh5 49. Ra1 h3 50. Rg1 Ra6 51. Rg3 g4 52. fxg4+ Kg5 53. Rg1 h2 54. Rh1 Ra2 55. Ke4 Kxg4 56. Ke3 Kg3 0-1

[Event "FICGS class C 000187 email"]
[Site "FICGS email"]
[Date "2012.02.23"]
[Round "1"]
[White "Paolillo, Giampiero"]
[Black "Ward, David"]
[Result "1-0"]
[WhiteElo "1643"]
[BlackElo "1778"]
[PlyCount "59"]
[EventDate "2012.??.??"]
[EventType "tourn (corr)"]
[EventRounds "4"]
[SourceTitle "Corr 2022"]
[Source "ChessBase"]
[SourceDate "2021.10.24"]
[SourceVersion "1"]
[SourceVersionDate "2021.10.24"]
[SourceQuality "1"]

1. d4 Nf6 2. c4 g6 3. Nc3 Bg7 4. e4 d6 5. f4 0-0 6. Nf3 c5 7. d5 e6 8. Be2 exd5 9. cxd5 Bg4 10. e5 Nh5 11. 0-0 Re8 12. Qb3 Qb6 13. Qxb6 axb6 14. Nb5 Na6 15. Nxd6 Re7 16. Nc4 Nb4 17. d6 Ree8 18. Nxb6 Rxa2 19. Rxa2 Nxa2 20. Bd2 Nb4 21. h3 Be6 22. Kf2 Bh6 23. f5 Bxd2 24. fxe6 Be3+ 25. Kxe3 Rxe6 26. Bb5 Kf8 27. d7 Ke7 28. Ng5 Rxe5+ 29. Kd2 Rxg5 30. Re1+ 1-0

[Event "Robecchetto op 21th Autumn"]
[Site "Robecchetto"]
[Date "2010.10.21"]
[Round "3"]
[White "Rosescu, Liviu"]
[Black "Paolillo, Giampiero"]
[Result "0-1"]
[WhiteElo "1494"]
[BlackElo "1693"]
[PlyCount "100"]
[EventDate "2010.10.07"]
[EventType "swiss"]
[EventRounds "7"]
[EventCountry "ITA"]
[SourceTitle "EXT 2024"]
[Source "ChessBase"]
[SourceDate "2023.10.10"]
[SourceVersion "1"]
[SourceVersionDate "2023.10.10"]
[SourceQuality "1"]

1. c4 e5 2. e4 Nf6 3. Nc3 Bb4 4. d3 Nc6 5. a3 Bxc3+ 6. bxc3 d6 7. h3 h6 8. Be2 0-0 9. Be3 Ne8 10. Bg4 Bd7 11. Ne2 f5 12. exf5 Bxf5 13. Bxf5 Rxf5 14. Ng3 Rf7 15. Qd2 Qh4 16. 0-0 Ne7 17. a4 a5 18. Qb2 b6 19. Qb3 Nf6 20. Qd1 Raf8 21. Ra2 g5 22. Ne4 Nxe4 23. dxe4 Qxe4 24. Ra1 Nf5 25. Qe2 Qc6 26. Qd3 Nh4 27. Qd5 Qxd5 28. cxd5 Ng6 29. g3 Ne7 30. c4 Nf5 31. Kg2 Nxe3+ 32. fxe3 Rxf1 33. Rxf1 Rxf1 34. Kxf1 Kf7 35. Ke2 Ke7 36. Kf3 Kd7 37. Kg4 c6 38. e4 Kc7 39. Kf5 b5 40. cxb5 cxb5 41. axb5 a4 42. Ke6 a3 43. b6+ Kxb6 44. Kxd6 a2 45. Kxe5 a1Q+ 46. Ke6 Qa8 47. e5 Qe8+ 48. Kd6 Kb7 49. e6 Kc8 50. Ke5 Kc7 0-1

[Event "FICGS class C 000085 email"]
[Site "FICGS email"]
[Date "2009.09.09"]
[Round "1"]
[White "Paolillo, Giampiero"]
[Black "Deline, Ralph"]
[Result "0-1"]
[WhiteElo "1872"]
[BlackElo "1871"]
[PlyCount "106"]
[EventDate "2009.??.??"]
[EventType "tourn (corr)"]
[EventRounds "1"]
[SourceTitle "Corr 2022"]
[Source "ChessBase"]
[SourceDate "2021.10.24"]
[SourceVersion "1"]
[SourceVersionDate "2021.10.24"]
[SourceQuality "1"]

1. e4 e5 2. Nc3 Nf6 3. f4 d5 4. fxe5 Nxe4 5. Nf3 Bc5 6. d4 Bb4 7. Bd2 c5 8. Bb5+ Nc6 9. 0-0 0-0 10. a3 Bxc3 11. Bxc3 Qb6 12. a4 Re8 13. Bxc6 bxc6 14. a5 Qc7 15. Nd2 cxd4 16. Bxd4 Ng5 17. b4 Ne6 18. c3 Ba6 19. Rf2 c5 20. bxc5 Nxc5 21. Qh5 Nd3 22. Rf5 Re6 23. Raf1 Rf8 24. Nb3 Bb5 25. R1f3 a6 26. Nd2 g6 27. Qg5 Qe7 28. Qg3 Nc1 29. Re3 Ne2+ 30. Rxe2 Bxe2 31. Rf2 Bc4 32. Qf3 Qc7 33. Nxc4 dxc4 34. Qe2 Rd8 35. Rf1 Rd5 36. Ra1 Rxa5 37. Rxa5 Qxa5 38. Qxc4 Qb5 39. Qxb5 axb5 40. Kf2 Kf8 41. Kf3 Ra6 42. g3 Ke7 43. h3 Ke6 44. Ke4 h6 45. Be3 Ra4+ 46. Bd4 Ra3 47. Kd3 Kd5 48. Be3 g5 49. Bd2 Ra1 50. Ke2 Rh1 51. Kf2 Rh2+ 52. Ke3 Rxh3 53. Kf3 Kxe5 0-1

[Event "FICGS class C 000109 email"]
[Site "FICGS email"]
[Date "2009.03.13"]
[Round "1"]
[White "Porkolab, Sandor"]
[Black "Paolillo, Giampiero"]
[Result "0-1"]
[WhiteElo "1659"]
[BlackElo "1748"]
[PlyCount "30"]
[EventDate "2009.??.??"]
[EventType "tourn (corr)"]
[EventRounds "4"]
[SourceTitle "Corr 2022"]
[Source "ChessBase"]
[SourceDate "2021.10.24"]
[SourceVersion "1"]
[SourceVersionDate "2021.10.24"]
[SourceQuality "1"]

1. d4 f5 2. c4 Nf6 3. g3 g6 4. Bg2 Bg7 5. Nf3 0-0 6. 0-0 d6 7. Nc3 Nc6 8. d5 Ne5 9. Nxe5 dxe5 10. Qb3 Kh8 11. Rd1 h6 12. a4 e4 13. a5 a6 14. c5 e6 15. d6 e5 0-1

[Event "FICGS class C 000107 email"]
[Site "FICGS email"]
[Date "2009.02.26"]
[Round "1"]
[White "Gaffagan, Steven"]
[Black "Paolillo, Giampiero"]
[Result "0-1"]
[WhiteElo "1693"]
[BlackElo "1773"]
[PlyCount "24"]
[EventDate "2009.??.??"]
[EventType "tourn (corr)"]
[EventRounds "4"]
[SourceTitle "Corr 2022"]
[Source "ChessBase"]
[SourceDate "2021.10.24"]
[SourceVersion "1"]
[SourceVersionDate "2021.10.24"]
[SourceQuality "1"]

1. e4 e6 2. d4 d5 3. Nc3 Bb4 4. e5 c5 5. a3 Bxc3+ 6. bxc3 Qc7 7. Qg4 Ne7 8. Qxg7 Rg8 9. Qxh7 cxd4 10. Ne2 Nbc6 11. f4 Bd7 12. Qd3 dxc3 0-1

[Event "FICGS class C 000107 email"]
[Site "FICGS email"]
[Date "2009.02.26"]
[Round "1"]
[White "Paolillo, Giampiero"]
[Black "Kepinski, Janusz"]
[Result "0-1"]
[WhiteElo "1773"]
[BlackElo "1639"]
[PlyCount "104"]
[EventDate "2009.??.??"]
[EventType "tourn (corr)"]
[EventRounds "4"]
[SourceTitle "Corr 2022"]
[Source "ChessBase"]
[SourceDate "2021.10.24"]
[SourceVersion "1"]
[SourceVersionDate "2021.10.24"]
[SourceQuality "1"]

1. e4 e6 2. d4 d5 3. exd5 exd5 4. c4 Nc6 5. Nf3 Bg4 6. Be3 Nf6 7. Nc3 Bb4 8. c5 Ne4 9. Qb3 0-0 10. Be2 b6 11. cxb6 axb6 12. 0-0 Be6 13. Bb5 Bxc3 14. Bxc6 Ba5 15. Bxa8 Qxa8 16. Rac1 c5 17. a3 c4 18. Qd1 h6 19. Nd2 Bxd2 20. Bxd2 Nxd2 21. Qxd2 b5 22. Rfe1 Rb8 23. Re3 Qa4 24. Rg3 Kh8 25. Qf4 Rg8 26. Qe5 b4 27. f4 bxa3 28. bxa3 Qb5 29. f5 Bd7 30. f6 g5 31. h4 Re8 32. Qd6 Qb2 33. Rf1 Qxd4+ 34. Kh2 Qxh4+ 35. Kg1 Qd4+ 36. Kh2 Be6 37. Rgf3 c3 38. Qg3 Rc8 39. Rd3 Qc5 40. Qe5 Qb5 41. Qe3 Rc4 42. Rdd1 d4 43. Qe4 c2 44. Rc1 d3 45. Qe3 Rh4+ 46. Kg1 Bd5 47. Rf5 Re4 48. Qh3 Rh4 49. Qe3 Rg4 50. Rf2 Bxg2 51. Rxg2 Rxg2+ 52. Kxg2 Qd5+ 0-1

[Event "FICGS class C 000099 email"]
[Site "FICGS email"]
[Date "2008.10.30"]
[Round "1"]
[White "Paolillo, Giampiero"]
[Black "Migliorini, Roberto"]
[Result "0-1"]
[WhiteElo "1695"]
[BlackElo "1991"]
[PlyCount "44"]
[EventDate "2008.??.??"]
[EventType "tourn (corr)"]
[EventRounds "4"]
[SourceTitle "Corr 2022"]
[Source "ChessBase"]
[SourceDate "2021.10.24"]
[SourceVersion "1"]
[SourceVersionDate "2021.10.24"]
[SourceQuality "1"]

1. e4 c6 2. d4 d5 3. exd5 cxd5 4. c4 Nf6 5. Nc3 Nc6 6. Nf3 Bg4 7. cxd5 Nxd5 8. Qb3 Bxf3 9. gxf3 e6 10. Qxb7 Nxd4 11. Bb5+ Nxb5 12. Qxb5+ Qd7 13. Qxd7+ Kxd7 14. Nxd5 exd5 15. 0-0 Bc5 16. Be3 Kd6 17. Rfd1 Rhd8 18. a3 Bb6 19. Rd3 Rac8 20. Rad1 Ke6 21. b4 Rc4 22. Bf4 Rxf4 0-1

[Event "FICGS class C 000099 email"]
[Site "FICGS email"]
[Date "2008.10.30"]
[Round "1"]
[White "Roe, Philip"]
[Black "Paolillo, Giampiero"]
[Result "1-0"]
[WhiteElo "1669"]
[BlackElo "1695"]
[PlyCount "95"]
[EventDate "2008.??.??"]
[EventType "tourn (corr)"]
[EventRounds "4"]
[SourceTitle "Corr 2022"]
[Source "ChessBase"]
[SourceDate "2021.10.24"]
[SourceVersion "1"]
[SourceVersionDate "2021.10.24"]
[SourceQuality "1"]

1. e4 e5 2. Nf3 Nc6 3. Bb5 d6 4. d4 Bd7 5. 0-0 Nf6 6. Nc3 Be7 7. Re1 exd4 8. Nxd4 0-0 9. Bf4 Nxd4 10. Qxd4 Nh5 11. Bd2 Bf6 12. Qd3 Bxc3 13. Bxc3 Nf4 14. Qg3 Ng6 15. Bxd7 Qxd7 16. Rad1 f6 17. f4 Qa4 18. b3 Qxa2 19. Qd3 Qa3 20. Qc4+ Rf7 21. Rd5 Qa6 22. Qxa6 bxa6 23. f5 Nf8 24. Ra5 Re7 25. Rxa6 Rae8 26. Rxa7 Rxe4 27. Rxe4 Rxe4 28. Rxc7 Rf4 29. g3 Rxf5 30. Bb4 Rd5 31. Rc6 Ne6 32. Rxd6 Rxd6 33. Bxd6 Nd4 34. b4 Nb5 35. Bc5 Nc3 36. Kf2 Kf7 37. Ke3 Ke6 38. Kd4 Nb5+ 39. Kc4 Na3+ 40. Kb3 Nb5 41. c4 Nc7 42. b5 Kd7 43. Bb6 Na8 44. Ba5 f5 45. c5 g5 46. Kc4 f4 47. gxf4 gxf4 48. Kd4 1-0